日本の市の推計人口順位20万未満10万以上 - Statistics

General Stats
  • This quiz has been taken 17 times
  • The average score is 124 of 144
Answer Stats
推計人口 都道府県 回答 % Correct
199,142 広島県 東広島市
100%
193,494 広島県 呉市
100%
189,658 三重県 鈴鹿市
100%
185,087 山梨県 甲府市
100%
158,628 富山県 高岡市
100%
153,886 愛知県 刈谷市
100%
153,547 岐阜県 大垣市
100%
151,729 三重県 松阪市
100%
149,385 滋賀県 草津市
100%
141,104 岐阜県 各務原市
100%
132,092 静岡県 焼津市
100%
122,506 静岡県 富士宮市
100%
115,984 三重県 伊勢市
100%
111,629 滋賀県 彦根市
100%
101,108 岐阜県 多治見市
100%
149,160 長野県 上田市
100%
196,519 東京都 三鷹市
90%
195,456 島根県 松江市
90%
187,910 山口県 山口市
90%
186,601 東京都 立川市
90%
185,516 愛知県 安城市
90%
185,027 神奈川県 小田原市
90%
183,378 大阪府 岸和田市
90%
183,323 愛知県 豊川市
90%
179,785 鳥取県 鳥取市
90%
179,618 静岡県 沼津市
90%
176,834 新潟県 上越市
90%
172,885 京都府 宇治市
90%
172,859 千葉県 浦安市
90%
169,838 島根県 出雲市
90%
169,598 神奈川県 鎌倉市
90%
166,009 栃木県 小山市
90%
164,274 北海道 苫小牧市
90%
163,449 千葉県 佐倉市
90%
161,479 静岡県 磐田市
90%
160,021 茨城県 日立市
90%
157,265 青森県 弘前市
90%
153,937 山口県 宇部市
90%
152,399 東京都 東村山市
90%
151,861 北海道 釧路市
90%
148,735 栃木県 栃木市
90%
144,849 愛知県 小牧市
90%
143,029 鳥取県 米子市
90%
142,815 埼玉県 戸田市
90%
141,626 茨城県 土浦市
90%
141,487 沖縄県 沖縄市
90%
141,397 神奈川県 海老名市
90%
140,862 愛媛県 今治市
90%
138,671 埼玉県 深谷市
90%
136,960 千葉県 木更津市
90%
136,839 栃木県 足利市
90%
136,345 茨城県 古河市
90%
134,453 千葉県 成田市
90%
134,288 三重県 桑名市
90%
133,009 東京都 国分寺市
90%
130,402 長崎県 諫早市
90%
129,975 東京都 青梅市
90%
129,562 山口県 周南市
90%
129,353 宮城県 石巻市
90%
127,496 沖縄県 うるま市
90%
124,063 愛知県 瀬戸市
90%
121,157 広島県 尾道市
90%
119,344 宮城県 大崎市
90%
117,714 奈良県 橿原市
90%
116,342 熊本県 八代市
90%
114,765 大阪府 大東市
90%
114,044 奈良県 生駒市
90%
113,640 埼玉県 ふじみ野市
90%
113,502 埼玉県 富士見市
90%
112,901 栃木県 那須塩原市
90%
112,304 愛知県 東海市
90%
112,107 静岡県 掛川市
90%
111,716 大分県 別府市
90%
110,826 栃木県 佐野市
90%
110,655 埼玉県 加須市
90%
110,048 滋賀県 東近江市
90%
110,041 千葉県 鎌ケ谷市
90%
109,477 千葉県 印西市
90%
109,434 愛媛県 新居浜市
90%
109,360 福島県 会津若松市
90%
109,271 宮崎県 延岡市
90%
105,102 福岡県 筑紫野市
90%
103,865 兵庫県 三田市
90%
103,305 石川県 小松市
90%
102,523 北海道 小樽市
90%
101,791 岩手県 一関市
90%
100,717 神奈川県 伊勢原市
90%
195,054 兵庫県 伊丹市
80%
192,622 東京都 日野市
80%
188,869 埼玉県 熊谷市
80%
176,096 千葉県 習志野市
80%
166,676 愛知県 西尾市
80%
159,991 神奈川県 秦野市
80%
159,088 宮崎県 都城市
80%
151,679 千葉県 野田市
80%
150,624 東京都 武蔵野市
80%
148,773 埼玉県 久喜市
80%
146,658 東京都 多摩市
80%
146,142 埼玉県 狭山市
80%
144,584 埼玉県 朝霞市
80%
141,250 埼玉県 三郷市
80%
140,092 大阪府 守口市
80%
138,792 大阪府 箕面市
80%
135,984 静岡県 藤枝市
80%
131,956 神奈川県 座間市
80%
130,859 愛知県 稲沢市
80%
130,781 千葉県 我孫子市
80%
128,621 東京都 小金井市
80%
122,298 福岡県 飯塚市
80%
120,744 鹿児島県 霧島市
80%
119,619 山口県 岩国市
80%
117,751 北海道 江別市
80%
115,801 沖縄県 浦添市
80%
114,842 東京都 東久留米市
80%
114,535 大阪府 松原市
80%
114,289 大阪府 門真市
80%
113,718 愛知県 半田市
80%
113,029 山形県 鶴岡市
80%
111,854 広島県 廿日市市
80%
110,157 山口県 防府市
80%
109,999 佐賀県 唐津市
80%
109,403 福岡県 春日市
80%
109,035 石川県 白山市
80%
108,371 北海道 北見市
80%
107,902 滋賀県 長浜市
80%
107,482 香川県 丸亀市
80%
105,200 大阪府 羽曳野市
80%
104,324 岩手県 奥州市
80%
104,244 福岡県 大野城市
80%
104,160 大阪府 池田市
80%
103,555 茨城県 取手市
80%
103,519 大阪府 富田林市
80%
102,506 静岡県 三島市
80%
100,382 福岡県 糸島市
80%
100,150 沖縄県 宜野湾市
80%
180,698 大阪府 和泉市
70%
159,481 北海道 帯広市
70%
151,984 茨城県 ひたちなか市
70%
148,142 兵庫県 川西市
70%
116,338 東京都 昭島市
70%
102,218 福岡県 大牟田市
70%
166,157 埼玉県 新座市
60%
140,812 埼玉県 入間市
60%
116,467 埼玉県 鴻巣市
60%
No matching quizzes found
Score Distribution
Percent of People with Each Score
Percentile by Number Answered
Your Score History
You have not taken this quiz